[Event "FRA-ch Blitz Online Qual"]
[Site "Europe Echecs INT"]
[Date "2020.05.16"]
[Round "14"]
[White "Ciarletta, Ulysse"]
[Black "Villevieille, Theo"]
[Result "1-0"]
[WhiteElo "1599"]
[BlackElo "1109"]
[PlyCount "95"]
[EventDate "2020.05.16"]
[EventType "swiss (blitz)"]
[EventRounds "15"]
[EventCountry "FRA"]
[SourceTitle "CBM 196 Extra"]
[Source "ChessBase"]
[SourceDate "2020.07.31"]
[SourceVersion "1"]
[SourceVersionDate "2020.07.31"]
[SourceQuality "1"]

1. d4 d5 2. c4 e6 3. Nc3 Nf6 4. Bg5 Be7 5. cxd5 exd5 6. Nf3 0-0 7. e3 h6 8. Bh4 Bg4 9. Be2 Nbd7 10. 0-0 Bd6 11. h3 Bh5 12. Qb3 c6 13. Qxb7 Qc8 14. Qxc8 Raxc8 15. Rfc1 Ne4 16. g4 Bg6 17. Nxe4 Bxe4 18. Nd2 Bh7 19. Kg2 Rfe8 20. a3 Re6 21. Ba6 Rc7 22. b4 g5 23. Bg3 Bxg3 24. Kxg3 Rf6 25. Rc3 Nb8 26. Bb5 a6 27. Ba4 Nd7 28. Rac1 Nb8 29. f3 Kf8 30. Nb3 Ke7 31. Na5 Kd6 32. Nxc6 Nxc6 33. Rxc6+ Rxc6 34. Rxc6+ Ke7 35. Rxf6 Kxf6 36. Bc6 Bd3 37. Bxd5 Ke7 38. e4 f6 39. Bb3 Kd6 40. Kf2 Bb1 41. Bc4 Kc6 42. Bxa6 Ba2 43. Ke3 Kb6 44. Bf1 Kc6 45. a4 Kb6 46. a5+ Kb7 47. b5 Bc4 48. Bxc4 1-0

[Event "FRA-ch Blitz Online Qual"]
[Site "Europe Echecs INT"]
[Date "2020.05.16"]
[Round "4"]
[White "Daude, Alexandre"]
[Black "Villevieille, Theo"]
[Result "1-0"]
[WhiteElo "1518"]
[BlackElo "1109"]
[PlyCount "101"]
[EventDate "2020.05.16"]
[EventType "swiss (blitz)"]
[EventRounds "15"]
[EventCountry "FRA"]
[SourceTitle "CBM 196 Extra"]
[Source "ChessBase"]
[SourceDate "2020.07.31"]
[SourceVersion "1"]
[SourceVersionDate "2020.07.31"]
[SourceQuality "1"]

1. e4 e5 2. Bc4 Nf6 3. d4 Nc6 4. Nf3 d6 5. dxe5 dxe5 6. Qxd8+ Kxd8 7. Bxf7 Bg4 8. Ng5 Kd7 9. f3 Bxf3 10. gxf3 Rd8 11. Ne6 Rb8 12. 0-0 Ke7 13. Nxf8 Rhxf8 14. Bd5 Nb4 15. Rf2 Nh5 16. Nc3 c6 17. Bg5+ Ke8 18. Be6 h6 19. Bh4 g5 20. Bg3 Ke7 21. Bg4 Ng7 22. Bxe5 Ne8 23. Rd1 Kf7 24. Rd7+ Kg8 25. Be6+ Rf7 26. Rxf7 Rd8 27. Rf5+ Kh7 28. Rf7+ Kg6 29. Re7 b6 30. Bf7+ Kh7 31. Be6+ Kg6 32. Bf5+ Kh5 33. Rh7 b5 34. Bg7 Rd6 35. e5 Rg6 36. Bxg6+ Kxg6 37. Rxh6+ Kxg7 38. Re6 Kf7 39. Rd6 Nxd6 40. exd6 Ke6 41. Rd2 Kd7 42. Ne4 a5 43. Nxg5 Na6 44. h4 Nc5 45. h5 Ke8 46. h6 Kf8 47. h7 Kg7 48. d7 Nxd7 49. Rxd7+ Kh8 50. Rd8+ Kg7 51. h8Q+ 1-0

[Event "FRA-ch Blitz Online Qual"]
[Site "Europe Echecs INT"]
[Date "2020.05.16"]
[Round "10"]
[White "Tuillier, Valentin"]
[Black "Villevieille, Theo"]
[Result "1-0"]
[WhiteElo "1607"]
[BlackElo "1109"]
[PlyCount "63"]
[EventDate "2020.05.16"]
[EventType "swiss (blitz)"]
[EventRounds "15"]
[EventCountry "FRA"]
[SourceTitle "CBM 196 Extra"]
[Source "ChessBase"]
[SourceDate "2020.07.31"]
[SourceVersion "1"]
[SourceVersionDate "2020.07.31"]
[SourceQuality "1"]

1. e4 e5 2. Nf3 Nc6 3. d4 exd4 4. Bc4 Bc5 5. c3 Nf6 6. cxd4 Bb4+ 7. Bd2 Bxd2+ 8. Nbxd2 d5 9. exd5 Nxd5 10. 0-0 0-0 11. Rc1 Bg4 12. h3 Bh5 13. Re1 Nf4 14. Ne4 Nxd4 15. Qxd4 Bxf3 16. Qxd8 Nxh3+ 17. gxh3 Raxd8 18. Ng5 Bc6 19. Rcd1 h6 20. Nxf7 Rxd1 21. Rxd1 Rxf7 22. Rd8+ Kh7 23. Bxf7 a6 24. Be8 Bd5 25. Rd7 Bxa2 26. Rxc7 Bd5 27. Bf7 Be4 28. Bb3 b5 29. Bc2 Bxc2 30. Rxc2 a5 31. Rc5 a4 32. Rxb5 1-0

[Event "FRA-ch Blitz Online Qual"]
[Site "Europe Echecs INT"]
[Date "2020.05.16"]
[Round "7"]
[White "Villevieille, Theo"]
[Black "Lebrun, Leo"]
[Result "1-0"]
[WhiteElo "1109"]
[BlackElo "1441"]
[PlyCount "79"]
[EventDate "2020.05.16"]
[EventType "swiss (blitz)"]
[EventRounds "15"]
[EventCountry "FRA"]
[SourceTitle "CBM 196 Extra"]
[Source "ChessBase"]
[SourceDate "2020.07.31"]
[SourceVersion "1"]
[SourceVersionDate "2020.07.31"]
[SourceQuality "1"]

1. e4 d6 2. d4 Nf6 3. Nc3 g6 4. Bf4 Bg7 5. Nf3 0-0 6. Bc4 c5 7. Qd2 cxd4 8. Nxd4 Nc6 9. Nxc6 bxc6 10. 0-0 Qa5 11. Bh6 d5 12. exd5 cxd5 13. Bxg7 Kxg7 14. Bxd5 Rd8 15. Rad1 Nxd5 16. Nxd5 Be6 17. Qc3+ Kf8 18. Qxa5 Rac8 19. Nc3 Rxd1 20. Rxd1 Bg4 21. Rd8+ Rxd8 22. Qxd8+ Kg7 23. h3 Be6 24. Qxe7 a5 25. a3 h5 26. Ne4 Bf5 27. Qe5+ Kf8 28. g4 hxg4 29. hxg4 Be6 30. Qxa5 Bxg4 31. b4 Bf5 32. Ng3 Bxc2 33. b5 Bf5 34. b6 Bc8 35. Qa8 Kg7 36. Qxc8 f5 37. b7 g5 38. b8Q f4 39. Qbb7+ Kh6 40. Qcc6# 1-0

[Event "FRA-ch Blitz Online Qual"]
[Site "Europe Echecs INT"]
[Date "2020.05.16"]
[Round "5"]
[White "Villevieille, Theo"]
[Black "Pernoud, Claire"]
[Result "0-1"]
[WhiteElo "1109"]
[BlackElo "1428"]
[PlyCount "124"]
[EventDate "2020.05.16"]
[EventType "swiss (blitz)"]
[EventRounds "15"]
[EventCountry "FRA"]
[SourceTitle "CBM 196 Extra"]
[Source "ChessBase"]
[SourceDate "2020.07.31"]
[SourceVersion "1"]
[SourceVersionDate "2020.07.31"]
[SourceQuality "1"]

1. e4 e5 2. Nf3 Nc6 3. Bc4 Be7 4. d4 exd4 5. Nxd4 d6 6. Nxc6 bxc6 7. 0-0 Nf6 8. Re1 0-0 9. b3 Bb7 10. Bb2 Re8 11. Nd2 d5 12. Bf1 dxe4 13. Nxe4 Nxe4 14. Rxe4 Qxd1 15. Rxd1 c5 16. Rg4 g6 17. Bc4 Rad8 18. Rxd8 Rxd8 19. h3 Rd1+ 20. Kh2 Bc8 21. Rf4 Bd6 22. g3 Bxf4 23. gxf4 Rd2 24. Bd3 Rxf2+ 25. Kg3 Rd2 26. Bc3 Rd1 27. Be2 Rg1+ 28. Kf2 Rh1 29. Kg2 Rc1 30. Bd3 Bb7+ 31. Kf2 Kf8 32. Bb2 Rh1 33. Kg3 Ke7 34. Ba3 Kd6 35. c4 Bc8 36. Be4 Rxh3+ 37. Kf2 f5 38. Bc2 Rh2+ 39. Ke3 Rxc2 40. Kd3 Rxa2 41. Bc1 Rh2 42. Be3 Rh3 43. Kd2 a5 44. Bg1 Rxb3 45. Kc2 Rb7 46. Bf2 Be6 47. Kc3 Rb4 48. Be1 Rxc4+ 49. Kb3 Rxf4+ 50. Kb2 Kd5 51. Bxa5 Kc4 52. Bxc7 Rf3 53. Be5 Kd3 54. Bc3 c4 55. Ba5 Ke2 56. Kc2 c3 57. Bxc3 Rxc3+ 58. Kxc3 h5 59. Kd4 h4 60. Ke5 h3 61. Kf4 h2 62. Kg3 h1Q 0-1